The broken anchor / (Record no. 706)

MARC details
000 -LEADER
fixed length control field 01023cam a2200301 a 4500
005 - DATE AND TIME OF LATEST TRANSACTION
control field 20230809131358.0
020 ## - INTERNATIONAL STANDARD BOOK NUMBER
International Standard Book Number 0671464612 (pbk.)
020 ## - INTERNATIONAL STANDARD BOOK NUMBER
International Standard Book Number 0671464620 (hard)
040 ## - CATALOGING SOURCE
Original cataloging agency DLC
Transcribing agency DLC
Modifying agency DLC
Language of cataloging eng
050 00 - LIBRARY OF CONGRESS CALL NUMBER
Classification number PZ7.K23
Item number Nan no. 70
082 00 - DEWEY DECIMAL CLASSIFICATION NUMBER
Classification number [Fic]
Edition number 19
100 1# - MAIN ENTRY--PERSONAL NAME
Personal name Keene, Carolyn
245 14 - TITLE STATEMENT
Title The broken anchor /
Statement of responsibility, etc. by Carolyn Keene ; illustrated by Paul Frame.
260 ## - PUBLICATION, DISTRIBUTION, ETC.
Place of publication, distribution, etc. New York :
Name of publisher, distributor, etc. Wanderer Books,
Date of publication, distribution, etc. 1983.
300 ## - PHYSICAL DESCRIPTION
Extent 189 pages :
Other physical details illustrations ;
Dimensions 20 cm.
490 1# - SERIES STATEMENT
Series statement Nancy Drew mystery stories ;
Volume/sequential designation 70
505 ## - FORMATTED CONTENTS NOTE
Formatted contents note M
520 ## - SUMMARY, ETC.
Summary, etc. A quest for pirate treasure takes clever detective Nancy Drew and her friends to a small island in the Bahamas.
521 ## - TARGET AUDIENCE NOTE
Target audience note 800 <br/>
Source Lexile estimate
521 ## - TARGET AUDIENCE NOTE
Target audience note M <br/>
Source Raz-Plus
650 #1 - SUBJECT ADDED ENTRY--TOPICAL TERM
Topical term or geographic name entry element Mystery and detective stories.
650 #1 - SUBJECT ADDED ENTRY--TOPICAL TERM
Topical term or geographic name entry element Buried treasure
General subdivision Fiction.
700 1# - ADDED ENTRY--PERSONAL NAME
Personal name Frame, Paul
Dates associated with a name 1913-1994
Relator term illustrator
906 ## - LOCAL DATA ELEMENT F, LDF (RLIN)
a 7
b cbc
c orignew
d 1
e ocip
f 19
g y-gencatlg
942 ## - ADDED ENTRY ELEMENTS (KOHA)
Source of classification or shelving scheme Dewey Decimal Classification
Koha item type Books
Suppress in OPAC No
999 ## -
-- 706
-- 706
Holdings
Withdrawn status Lost status Source of classification or shelving scheme Damaged status Not for loan Collection Home library Current library Shelving location Date acquired Total Checkouts Full call number Barcode Date last seen Date last checked out Price effective from Koha item type
    Dewey Decimal Classification     Juvenile Fiction Footprints International School Library Network Toul Tom Poung Campus Footprints International School Library Network Toul Tom Poung Campus TTP Secondary Fiction Bookshelves 07/03/2023 1 KEE Fic PZ7.K23 FIS00866 12/09/2025 02/13/2025 07/03/2023 Books